000 00394nam a2200157Ia 4500
008 230917s9999||||xx |||||||||||||| ||und||
020 _cRS95
040 _e26866
_aMAIN
041 _aEnglish
082 _a954.025 G959S
100 _aGupta, Manik Lal
245 0 _aSources of Mughal History 1526 to 1740
260 _aNew Delhi
_bAtlantic Publishers
_c1989
300 _a118 p.
942 _cBK
999 _c63294
_d63294